LIBRARY ONLINE CATALOGUE

Negotiation-support toolkit for learning landscapes (Record no. 18094)

MARC details
000 -LEADER
fixed length control field 00511nam a22001577a 4500
008 - FIXED-LENGTH DATA ELEMENTS--GENERAL INFORMATION
fixed length control field 191129b xxu||||| |||| 00| 0 eng d
020 ## - INTERNATIONAL STANDARD BOOK NUMBER
International Standard Book Number 9793198743
040 ## - CATALOGING SOURCE
Original cataloging agency KABU
Transcribing agency KABU
050 ## - LIBRARY OF CONGRESS CALL NUMBER
Classification number SD248.5
Item number .N44 2013 c. 1
245 ## - TITLE STATEMENT
Title Negotiation-support toolkit for learning landscapes
Statement of responsibility, etc. Meine Van Noordwijk ...[et al.].
260 ## - PUBLICATION, DISTRIBUTION, ETC. (IMPRINT)
Place of publication, distribution, etc. Indonesia
Name of publisher, distributor, etc. World Agroforestry Centre
Date of publication, distribution, etc. 2013
300 ## - PHYSICAL DESCRIPTION
Extent vi, 285 p.
650 ## - SUBJECT ADDED ENTRY--TOPICAL TERM
Topical term or geographic name as entry element Communication in forestry
700 ## - ADDED ENTRY--PERSONAL NAME
Personal name Noordwijk, Meine Van
942 ## - ADDED ENTRY ELEMENTS (KOHA)
Source of classification or shelving scheme Library of Congress Classification
Koha item type General Collection
Classification part SD248.5
Holdings
Withdrawn status Lost status Source of classification or shelving scheme Not for loan Home library Current library Date acquired Total Checkouts Full call number Barcode Date last seen Copy number Price effective from Koha item type
    Library of Congress Classification   Kabarak, Main Campus Kabarak, Main Campus 29/11/2019   SD248.5 .N44 2013 c. 1 023078 29/11/2019 c. 1 29/11/2019 General Collection